Personnages des Films de Quentin Tarantino - Statistiques

Statistiques générales
  • Ce quiz a été pris 262 fois
  • Le résultat moyen est 16 sur 31
Statistiques - réponses
Hint Réponse % Correct
Django Freeman Django Unchained
87%
Jackie Brown Jackie Brown
80%
Vincent Vega Pulp Fiction
79%
O-Ren Ishii Kill Bill
77%
Shosanna Dreyfus Inglourious Basterds
72%
Hans Landa Inglourious Basterds
71%
Marsellus Wallace Pulp Fiction
70%
Mr. Blonde Reservoir Dogs
70%
Hattori Hanzo Kill Bill
69%
Mr. White Reservoir Dogs
68%
Black Mamba Kill Bill
65%
Bridget von Hammersmark Inglourious Basterds
60%
Hugo Stiglitz Inglourious Basterds
56%
Calvin J. Candie Django Unchained
52%
Cliff Booth Once Upon a Time… in Hollywood
51%
Rick Dalton Once Upon a Time… in Hollywood
48%
Jules Winnfield Pulp Fiction
48%
Aldo Raine Inglourious Basterds
47%
King Schultz Django Unchained
46%
Stuntman Mike Boulevard de la Mort
43%
Daisy Domergue Les Huit Salopards
38%
Budd Kill Bill
36%
Major Marquis Warren Les Huit Salopards
34%
Fabienne Pulp Fiction
29%
John Ruth Les Huit Salopards
28%
Abernathy Boulevard de la Mort
26%
Chris Mannix Les Huit Salopards
26%
Ray Nicolette Jackie Brown
25%
Pussycat Once Upon a Time… in Hollywood
20%
Melanie Ralston Jackie Brown
18%
Stephen Django Unchained
17%
Aucun quiz correspondant
Distribution des résultats
% des personnes avec chaque résultat
Percentile par nombre de réponses
Votre historique - résultats
Vous n’avez pas pris ce quiz